000 00622nam a22002057a 4500
008 150327b xxu||||| |||| 00| 0 eng d
020 _a9780071628440
041 0 _aeng
080 _a338.124.4
100 _aBarbera, Robert J.
245 1 4 _aThe cost of capitalism :
_cRobert J. Barbera.
260 _aNew York :
_bMcGraw-Hill,
_c2009.
300 _a246 f.:
_bme il.;
_c24 cm.
500 _aPreface: XI-XVIII
505 _aIndeks: f.233-246
650 0 _aKriza financiare
650 0 _aStabilizim economic
650 0 _aKapitalizmi
942 _2udc
_cBK
999 _c542
_d542